Statistics for Top 50 Highest Rated Players in NHL 15

Click here to take the quiz!

General Stats

  • This quiz has been taken 3,594 times
  • The average score is 23 of 50

Answer Stats

RatingAnswer% Correct
96Sidney Crosby
97%
93Alexander Ovechkin
92%
89Patrick Kane
87%
93Jonathan Toews
82%
92Evgeni Malkin
77%
93Steven Stamkos
76%
92Carey Price
73%
91Patrice Bergeron
65%
90Jamie Benn
59%
92Duncan Keith
58%
89Erik Karlsson
58%
90P.K Subban
58%
91Drew Doughty
57%
91Anze Kopitar
56%
91John Tavares
56%
91Zdeno Chara
56%
93Henrik Lundqvist
54%
93Shea Weber
54%
93Jonathan Quick
53%
92Corey Perry
52%
89David Backes
52%
89Joe Thornton
52%
92Ryan Getzlaf
51%
92Tuukka Rask
48%
89Nicklas Backstrom
47%
90Claude Giroux
46%
90Phil Kessel
46%
90Taylor Hall
45%
93Pavel Datsyuk
44%
92Henrik Zetterberg
40%
91Pekka Rinne
37%
89Corey Crawford
36%
89Patrick Marleau
35%
89Joe Pavelski
33%
91Marian Hossa
31%
92Ryan Suter
31%
90Zach Parise
31%
89Eric Staal
30%
89Roberto Luongo
28%
90Matt Duchene
24%
90Sergei Bobrovsky
24%
90Alex Pietrangelo
22%
89Mikko Koivu
20%
89Ryan Miller
20%
89David Krejci
17%
90Ryan Kesler
17%
89Mike Smith
16%
89Ryan McDonagh
14%
89Niklas Kronwall
12%
89Semyon Varlamov
10%

Score Distribution

Percentile by Number Answered

Percent of People with Each Score

Your Score History

You have not taken this quiz